000 00262nam a22001217a 4500
020 _a81-82-023-039-2
082 _a823
_bBOO/F
100 _aBOOK PARADISE
245 _aTHE FROG PRINCE
260 _aUK
_bLADYBIRD
650 _aENGLISH SHORT STORY
_zUK
942 _cBK
999 _c4854
_d4854